A Treatise on Engine Balance Using Exponentials (Record no. 819)

000 -LEADER
fixed length control field 00383nam a2200145 4500
008 - FIXED-LENGTH DATA ELEMENTS--GENERAL INFORMATION
fixed length control field 191221b ||||| |||| 00| 0 eng d
082 00 - DEWEY DECIMAL CLASSIFICATION NUMBER
Classification number 621.1
Item number C811
100 ## - MAIN ENTRY--PERSONAL NAME
9 (RLIN) 355
Personal name Cormac, P.
245 10 - TITLE STATEMENT
Title A Treatise on Engine Balance Using Exponentials
260 ## - PUBLICATION, DISTRIBUTION, ETC. (IMPRINT)
Place of publication, distribution, etc London
Name of publisher, distributor, etc Chapman
Date of publication, distribution, etc 1923
300 ## - PHYSICAL DESCRIPTION
Extent xi, 151 p.
365 ## - TRADE PRICE
Unit of pricing 13.00
650 #0 - SUBJECT ADDED ENTRY--TOPICAL TERM
Topical term or geographic name as entry element Steam Engines
942 ## - ADDED ENTRY ELEMENTS (KOHA)
Source of classification or shelving scheme
Item type Books
Holdings
Withdrawn status Lost status Source of classification or shelving scheme Damaged status Not for loan Permanent location Current location Date acquired Cost, normal purchase price Full call number Barcode Date last seen Koha item type
          IMU Kolkata IMU Kolkata 1952-10-10 13.00 621.1 C811 00348 2019-12-21 Books
Designed and Maintained by IMU-KC Library, Kolkata Campus © Copyright All Rights Reserved

webs counters

Powered by Koha